| 000 | 00435nam a2200169Ia 4500 | ||
|---|---|---|---|
| 008 | 230524s9999 xx 000 0 und d | ||
| 082 |
_a540 _bKHE |
||
| 100 | _aS.C.Kheterpal | ||
| 245 | 0 | _aPradeep's New Course Chemistry (Class XII) Vol-II | |
| 250 | _a7TH | ||
| 260 |
_aNEW DELHI _bPradeep _c2005 |
||
| 300 | _aXIV;1642 | ||
| 500 | _aQuantity Number: 2 | ||
| 650 | _aChemistry | ||
| 700 | _a"P.N.Kapil , etal.,,," | ||
| 942 | _cBK | ||
| 999 |
_c35174 _d35174 |
||